Dunstan : (Record no. 141502)

MARC details
000 -LEADER
fixed length control field 00662nam a2200241 i 4500
001 - CONTROL NUMBER
control field C2-0344947
003 - CONTROL NUMBER IDENTIFIER
control field PPAK
005 - DATE AND TIME OF LATEST TRANSACTION
control field 20180728145640.0
008 - FIXED-LENGTH DATA ELEMENTS--GENERAL INFORMATION
fixed length control field 180116s2017 xxk |||| ||||| | eng d
020 ## - INTERNATIONAL STANDARD BOOK NUMBER
International Standard Book Number 9780718181451
040 ## - CATALOGING SOURCE
Original cataloging agency PPAK
Language of cataloging eng
Transcribing agency PPAK
Description conventions rda
082 04 - DEWEY DECIMAL CLASSIFICATION NUMBER
Classification number 823
Edition number 23
090 00 - LOCALLY ASSIGNED LC-TYPE CALL NUMBER (OCLC); LOCAL CALL NUMBER (RLIN)
Classification number (OCLC) (R) ; Classification number, CALL (RLIN) (NR) 823
Feature heading IGG
Feature heading G
100 1# - MAIN ENTRY--PERSONAL NAME
Personal name Iggulden, Conn,
Relator term author
245 10 - TITLE STATEMENT
Title Dunstan :
Remainder of title one man will change the fate of England
264 #1 - PRODUCTION, PUBLICATION, DISTRIBUTION, MANUFACTURE, AND COPYRIGHT NOTICE
Place of production, publication, distribution, manufacture United Kingdom :
Name of producer, publisher, distributor, manufacturer Michael Joseph ,
Date of production, publication, distribution, manufacture, or copyright notice 2017
300 ## - PHYSICAL DESCRIPTION
Extent 463 pages ;
Dimensions 24 cm
336 ## - CONTENT TYPE
Source rdacontent
Content type term text
337 ## - MEDIA TYPE
Source rdamedia
Media type term unmediated
338 ## - CARRIER TYPE
Source rdacarrier
Carrier type term volume
650 10 - SUBJECT ADDED ENTRY--TOPICAL TERM
Topical term or geographic name entry element English fiction.
942 ## - ADDED ENTRY ELEMENTS (KOHA)
-- dc
Koha item type Book
Holdings
Withdrawn Not for loan Current library Shelving location Date acquired Total Checkouts Full call number Barcode Date last seen Date last checked out Koha item type Total Renewals
    Perpustakaan Alor Setar Pinjaman Dewasa 05/02/2018 2 823 IGG A01554704 05/07/2025 03/07/2025 Book 1
    Perpustakaan Awam Sungai Petani Pinjaman Dewasa 05/02/2018 1 823 IGG A01554705 31/07/2019 10/07/2019 Book  
    Perpustakaan Jitra Pinjaman Dewasa 05/02/2018   823 IGG A01554706 09/05/2018   Book  
    Perpustakaan Kulim Pinjaman Dewasa 05/02/2018 2 823 IGG A01554707 12/08/2025 23/07/2025 Book 1
    Perpustakaan Langkawi Pinjaman Dewasa 05/02/2018 2 823 IGG A01554708 08/10/2023 05/10/2023 Book